| 000 | 00717nam a2200205Ia 4500 | ||
|---|---|---|---|
| 008 | 240729s9999 xx 000 0 und d | ||
| 022 | _a2656-8179 | ||
| 245 | 0 | _aIndonesian Journal of Computing, Engineering and Design | |
| 260 | _aIndonesia | ||
| 260 | _bFaculty of Engineering and Technology, Sampoerna University | ||
| 650 | _a Computer engineering. Computer hardware | Technology | ||
| 650 | _a Electrical engineering. Electronics. Nuclear engineering | ||
| 650 | _a Electronics | ||
| 650 | _a Mechanical drawing. Engineering graphics | ||
| 650 | _a Technology (General) | ||
| 650 | _aTechnology | ||
| 856 | _uhttps://doaj.org/toc/7a6b9517aa954274bb7e63e5a355627d | ||
| 942 | _2ddc | ||
| 942 | _cDOAJEJ | ||
| 999 |
_c71166 _d71166 |
||
| 945 |
_a1 _bMadushi Gamage _c1 _dMadushi Gamage |
||